| 000 | 01144cam a2200301 i 4500 | ||
|---|---|---|---|
| 001 | 61450 | ||
| 003 | Mx-PuUPA | ||
| 005 | 20250721115719.0 | ||
| 008 | 140919s1995 mx a r 000 0 spa d | ||
| 020 | _a9686056947 | ||
| 040 |
_aMx-PuUPA _bspa _cMx-PuUPA _dMx-PuUPA _erda |
||
| 041 | 0 | _aspa | |
| 100 | 1 |
_aGallo Reynoso, Joaquin _eautor _917346 |
|
| 245 | 1 | 0 |
_aPascua guadalupana : _b50 días con nuestra Morenita / _cJoaquin Gallo Reynoso. |
| 246 | 1 | 3 |
_aPascua guadalupana : _bcincuenta días con Nuestra Morenita - del 25 de octubre al 13 de diciembre o durante el año. |
| 250 |
_aSexta edición / _bnoviembre |
||
| 264 | 1 |
_aMéxico, D.F. : _bObra Nacional de la Buena Prensa, _c2012 |
|
| 300 |
_a224 páginas : _bilustraciones ; _c21 cm. |
||
| 336 |
_atexto _2rdacontent _3txt |
||
| 337 |
_asin medio _2rdamedia _bn |
||
| 338 |
_avolumen _2rdacarrier _bnc |
||
| 500 | _a"-del 25 de octubre al 13 de diciembre o durante el año". - Portada. | ||
| 600 | 0 | 4 |
_aVirgen de Guadalupe _xCulto |
| 650 | 7 |
_aCatolicismo _zMéxico _2armarc |
|
| 942 |
_2ddc _cLI _h232.917 _iG146 |
||
| 999 |
_c61450 _d61450 |
||